<?xml version="1.0" encoding="UTF-8"?><?xml-stylesheet type="text/xsl" href="static/style.xsl"?><OAI-PMH xmlns="http://www.openarchives.org/OAI/2.0/" xmlns:xsi="http://www.w3.org/2001/XMLSchema-instance" xsi:schemaLocation="http://www.openarchives.org/OAI/2.0/ http://www.openarchives.org/OAI/2.0/OAI-PMH.xsd"><responseDate>2026-06-02T21:36:43Z</responseDate><request verb="GetRecord" identifier="oai:riuma.uma.es:10630/8256" metadataPrefix="marc">https://riuma.uma.es/rest/oai/request</request><GetRecord><record><header><identifier>oai:riuma.uma.es:10630/8256</identifier><datestamp>2026-02-03T12:01:44Z</datestamp><setSpec>com_10630_2254</setSpec><setSpec>col_10630_37959</setSpec></header><metadata><record xmlns="http://www.loc.gov/MARC21/slim" xmlns:dcterms="http://purl.org/dc/terms/" xmlns:doc="http://www.lyncode.com/xoai" xmlns:xsi="http://www.w3.org/2001/XMLSchema-instance" xsi:schemaLocation="http://www.loc.gov/MARC21/slim http://www.loc.gov/standards/marcxml/schema/MARC21slim.xsd">
   <leader>00925njm 22002777a 4500</leader>
   <datafield ind2=" " ind1=" " tag="042">
      <subfield code="a">dc</subfield>
   </datafield>
   <datafield ind2=" " ind1=" " tag="720">
      <subfield code="a">Cuesta-Vargas, Antonio</subfield>
      <subfield code="e">author</subfield>
   </datafield>
   <datafield ind2=" " ind1=" " tag="720">
      <subfield code="a">Mateo Angulo, Alvaro</subfield>
      <subfield code="e">author</subfield>
   </datafield>
   <datafield ind2=" " ind1=" " tag="720">
      <subfield code="a">González-Sánchez, Manuel</subfield>
      <subfield code="e">author</subfield>
   </datafield>
   <datafield ind2=" " ind1=" " tag="720">
      <subfield code="a">Galán Mercant, Alejandro</subfield>
      <subfield code="e">author</subfield>
   </datafield>
   <datafield ind2=" " ind1=" " tag="260">
      <subfield code="c">2014-10-20</subfield>
   </datafield>
   <datafield ind2=" " ind1=" " tag="520">
      <subfield code="a">Background. This study had two generals objective. 1) To analyse and study the kinematics characteristics in the Squat Jump and Countermovement Jump Tests, the variables studied were derived from accelerometry, angular velocity and displacement, using the inertial sensor incorporated in the iPhone 4S. 2) To study and locate the correlation between the inertial sensor variables, contact mat variables and dynamometry.&#xd;
&#xd;
Methods. This is a cross-sectional study over 12 healthy young subjects. In attempt to locate the series of kinematic variables that had a significant relationship degree with the contact mat or dynamometry, was used Pearson's linear correlation with 95% Zr. The statistical significance level was established at p&lt;0.05. The subjects performed the Squat Jump and Countermovement Jump Tests three times, and the best record was analyzed and included in the study. &#xd;
&#xd;
Results. The best significant correlation localized in the Squat Jump test were between the minimum rate rotation in the z axis and jump fly time (r=-0.793; p=0.002) and jump height (r=-0.805; p=0.002). Others significant correlation in the Squat Jump test were between the maximum rate rotation in the x and: the right lower limb dynamometry (r = -0.660; p = 0.020) and left lower limb dynamometry (r = -0.613; p = 0.034). In the Countermovement test, the best relationship were between maximum acceleration in the x axis with jump fly time (r=0.819; p=0.001) and jump height (r=0.823; p=0.001). Others significant correlation in the Countermovement test were between the minimum rate rotation in the z axis and jump fly time (r=-0.671; p=0.017) and jump height (r=-0.667; p=0.018).&#xd;
&#xd;
Conclusions. The inertial sensor fitted in the iPhone4 is able to study and analyze the kinematics of the Squat Jump and Countermovement Jump Tests in young healthy people. In this study had been localized significant quantitative relationship between kinematic variables and jumping contact mat or isotonic strength. This contribution of this cross-sectional study could be used to develop algorithms with the help of software to designed mobile apps, thus allowing their application in clinical practice.</subfield>
   </datafield>
   <datafield ind1="8" ind2=" " tag="024">
      <subfield code="a">http://hdl.handle.net/10630/8256</subfield>
   </datafield>
   <datafield tag="653" ind2=" " ind1=" ">
      <subfield code="a">Teléfonos móviles</subfield>
   </datafield>
   <datafield tag="653" ind2=" " ind1=" ">
      <subfield code="a">Ejercicio físico - Uso terapéutico</subfield>
   </datafield>
   <datafield ind2="0" ind1="0" tag="245">
      <subfield code="a">Mobile Jump Assessment (mJump)</subfield>
   </datafield>
</record>
</metadata></record></GetRecord></OAI-PMH>